<?xml version="1.0" encoding="UTF-8"?>
<record
    xmlns:xsi="http://www.w3.org/2001/XMLSchema-instance"
    xsi:schemaLocation="http://www.loc.gov/MARC21/slim http://www.loc.gov/standards/marcxml/schema/MARC21slim.xsd"
    xmlns="http://www.loc.gov/MARC21/slim">

  <leader>01082cam a22002778a 4500</leader>
  <controlfield tag="001">15988010</controlfield>
  <controlfield tag="003">Nust- CAS-E</controlfield>
  <controlfield tag="005">20180118181354.0</controlfield>
  <controlfield tag="008">091118s2010    flua     b    001 0 eng  </controlfield>
  <datafield tag="010" ind1=" " ind2=" ">
    <subfield code="a">  2009045645</subfield>
  </datafield>
  <datafield tag="020" ind1=" " ind2=" ">
    <subfield code="a">9781439806784 </subfield>
  </datafield>
  <datafield tag="040" ind1=" " ind2=" ">
    <subfield code="a">DLC</subfield>
    <subfield code="c">DLC</subfield>
    <subfield code="d">DLC</subfield>
  </datafield>
  <datafield tag="050" ind1="0" ind2="0">
    <subfield code="a">TK2931</subfield>
    <subfield code="b">.P7846 2010</subfield>
  </datafield>
  <datafield tag="082" ind1="0" ind2="0">
    <subfield code="a">621.31/2429</subfield>
    <subfield code="2">22</subfield>
    <subfield code="b">PRO 2010</subfield>
  </datafield>
  <datafield tag="245" ind1="0" ind2="0">
    <subfield code="a">Proton exchange membrane fuel cells :</subfield>
    <subfield code="b">contamination and mitigation strategies /</subfield>
    <subfield code="c">editors, Hui Li ... [et al.].</subfield>
  </datafield>
  <datafield tag="260" ind1=" " ind2=" ">
    <subfield code="a">Boca Raton :</subfield>
    <subfield code="b">Taylor &amp; Francis,</subfield>
    <subfield code="c">2010.</subfield>
  </datafield>
  <datafield tag="300" ind1=" " ind2=" ">
    <subfield code="a">417 p. :</subfield>
    <subfield code="b">ill. ;</subfield>
    <subfield code="c">24 cm.</subfield>
  </datafield>
  <datafield tag="490" ind1="0" ind2=" ">
    <subfield code="a">Green chemistry and chemistry engineering</subfield>
  </datafield>
  <datafield tag="504" ind1=" " ind2=" ">
    <subfield code="a">Includes bibliographical references and index.</subfield>
  </datafield>
  <datafield tag="650" ind1=" " ind2="0">
    <subfield code="a">Proton exchange membrane fuel cells.</subfield>
  </datafield>
  <datafield tag="700" ind1="1" ind2=" ">
    <subfield code="a">Li, Hui,</subfield>
    <subfield code="d">1964-</subfield>
  </datafield>
  <datafield tag="710" ind1="0" ind2=" ">
    <subfield code="4">Shanna Knights, Zheng Shi, John W. Van Zee, Jiujun Zhang</subfield>
  </datafield>
  <datafield tag="906" ind1=" " ind2=" ">
    <subfield code="a">7</subfield>
    <subfield code="b">cbc</subfield>
    <subfield code="c">orignew</subfield>
    <subfield code="d">1</subfield>
    <subfield code="e">ecip</subfield>
    <subfield code="f">20</subfield>
    <subfield code="g">y-gencatlg</subfield>
  </datafield>
  <datafield tag="942" ind1=" " ind2=" ">
    <subfield code="2">ddc</subfield>
    <subfield code="c">BK</subfield>
  </datafield>
  <datafield tag="999" ind1=" " ind2=" ">
    <subfield code="c">355224</subfield>
    <subfield code="d">355224</subfield>
  </datafield>
  <datafield tag="952" ind1=" " ind2=" ">
    <subfield code="0">0</subfield>
    <subfield code="1">0</subfield>
    <subfield code="2">ddc </subfield>
    <subfield code="4">0</subfield>
    <subfield code="7">0</subfield>
    <subfield code="a">CAS-E</subfield>
    <subfield code="b">CAS-E</subfield>
    <subfield code="c">GEN</subfield>
    <subfield code="d">2013-04-11</subfield>
    <subfield code="e">Victoria co</subfield>
    <subfield code="l">0</subfield>
    <subfield code="o">621.312429 PRO 2010</subfield>
    <subfield code="p">CAS-E0000080</subfield>
    <subfield code="r">2014-02-14</subfield>
    <subfield code="v">15861.00</subfield>
    <subfield code="w">2014-02-14</subfield>
    <subfield code="y">BK</subfield>
  </datafield>
  <datafield tag="952" ind1=" " ind2=" ">
    <subfield code="0">0</subfield>
    <subfield code="1">0</subfield>
    <subfield code="2">ddc</subfield>
    <subfield code="4">0</subfield>
    <subfield code="7">0</subfield>
    <subfield code="8">NFIC</subfield>
    <subfield code="a">CAS-E</subfield>
    <subfield code="b">CAS-E</subfield>
    <subfield code="c">DISPLAY</subfield>
    <subfield code="d">2015-12-01</subfield>
    <subfield code="e">Victoria Co.</subfield>
    <subfield code="g">12788.00</subfield>
    <subfield code="l">0</subfield>
    <subfield code="o">621.31/2429 PRO 2010</subfield>
    <subfield code="p">CAS-E0000813</subfield>
    <subfield code="r">2015-12-01</subfield>
    <subfield code="t">2</subfield>
    <subfield code="w">2015-12-01</subfield>
    <subfield code="y">BK</subfield>
  </datafield>
  <datafield tag="952" ind1=" " ind2=" ">
    <subfield code="0">0</subfield>
    <subfield code="1">0</subfield>
    <subfield code="2">ddc</subfield>
    <subfield code="4">0</subfield>
    <subfield code="7">0</subfield>
    <subfield code="8">NFIC</subfield>
    <subfield code="a">CAS-E</subfield>
    <subfield code="b">CAS-E</subfield>
    <subfield code="c">DISPLAY</subfield>
    <subfield code="d">2015-12-01</subfield>
    <subfield code="e">Victoria Co.</subfield>
    <subfield code="g">12788.00</subfield>
    <subfield code="l">0</subfield>
    <subfield code="o">621.31/2429 PRO 2010</subfield>
    <subfield code="p">CAS-E0000814</subfield>
    <subfield code="r">2015-12-01</subfield>
    <subfield code="t">3</subfield>
    <subfield code="w">2015-12-01</subfield>
    <subfield code="y">BK</subfield>
  </datafield>
</record>
